000 00380nam a2200145Ia 4500
008 230312s9999||||xx |||||||||||||| ||und||
020 _a978-1844483310
082 _a751.4224343
_bMOR-F
100 _aMortimer;Ann
245 0 _aPainting flowers in the landscape
260 _bSearch Press
_aGreat Britain
_c2011
300 _a96
650 _aArchitecture
_vPainting
942 _cBK
999 _c14380
_d14380